00991nam a2200241 a 4500003000900000005001700009007001000026008004100036020001500077040002200092082003100114100002600145240003700171245006200208260009400270300002800364500007500392600006100467650005100528650004900579651007000628651005100698DO-SdBNP20220303120350.0000015398100208s1978 dr c 000 0 spa d a0316184403 aBPMSUbspacBPMSU a972.93053bD559T 19782 221 aDiederich, Bernardd 10aTrujillo: the death of the Goat.10aTrujillo :b la muerte del dictador /cBernard Diederich  aSanto Domingo :bFundación Global y Desarrollo;bFundación Cultural Dominicana,c1978 a258 p. :bil. ;c21 cm. aIncluye referencias bibliográficas y notas al pie de las páginas 14aTrujillo Molina, Rafael Leónidas d1891-1961.vMuerte  4aDictadoreszRepública Dominicana.xHistoria  4aHomicidio políticozRepública Dominicana 4aRepública Dominicana xHistoria yEra de Trujillo, 1930-1961x  4aRepública DominicanaxPolítica y gobierno.